Uusi Päivä - tapahtumapaikat - Statistics

Yleistilastot
  • Tätä visaa on pelattu 100 kertaa
    91 viimeisimmän päivityksen jälkeen
  • Keskiarvotulos 9 / 15
Vastaustilastot
Kuvavisa Vastaus % Oikein
Haavisto
100%
Asuntola
98%
Voimala
93%
Ainon kahvila
87%
Turpiini
80%
Pääkoulu
67%
Saari
67%
Virtauksen juna-asema
62%
Virtauksen sairaala
52%
Vilman ja Janin asunto
48%
Kämppisten asunto
45%
Teron ja Marikan asunto
42%
Ruuskasen talo
31%
Ravintola Hovi
28%
Sunerin työsuhdeasunnot
14%
Ehtoja vastaavia visoja ei löytynyt
Tulosjakauma
Jokaisen tuloksen saaneiden osuus
Persentiili vastausten määrän mukaan
Tuloshistoriasi
Et ole pelannut tätä visaa sen viimeisimmän päivityksen jälkeen